Les 20 Meilleurs Buteurs en Champions League - Statistiques

Statistiques générales
  • Ce quiz a été pris 143 fois
  • Le résultat moyen est 17 sur 20
Statistiques - réponses
Ordre Poste Nationalité Joueur Nombre De Buts Clubs % Correct
1 A Portugal CristianoRonaldo 140 Sporting Lisbonne - Manchester United - Real Madrid - Juventus - Manchester United - Al Nassr
100%
4 A France KarimBenzema 90 Ol - Real Madrid - Al Itthiad
100%
2 A Argentine LionelMessi 129 Fc Barcelone - Inter Miami
100%
3 A Pologne RobertLewandowski 105 Znicz Pruskow - Lech Poznan - Borussia Dortmund - Bayern Munich - Barcelone
99%
8 A France KylianMbappe 55 Monaco - Psg - Real Madrid
96%
10 A Norvège Erling Haaland 49 Molde - RB Salzburg - Borussia Dortmund - Manchester City
95%
14 A Egypte MohamedSalah 47 El Mokawloon - Fc Bale - Chelsea - Fiorentina - Roma - Liverpool
93%
18 A Brésil Neymar 43 Santos - Barcelone - Psg - Al Hilal - Santos
93%
6 M/A Allemagne ThomasMuller 57 Bayern Munich - Vancouver Whitecaps
93%
9 A France ThierryHenry 50 Monaco - Juventus - Arsenal - Barcelone - NY Redbull - Arsenal - NY Redbull
92%
13 A Suède ZlatanIbrahimovic 48 Malmo - Ajax - Juventus - Inter - Barcelone - Ac Milan - Psg - Manchester United - Los Angeles Galaxy - Ac MIlan
91%
19 A France AntoineGriezmann 42 Real Sociedad - Atletico Madrid - Fc Barcelone - Atletico Madrid
90%
17 A CoteD'Ivoire DidierDrogba 44 Le mans - Guingamp - Om - Chelsea - Shanghai Shenhua - Galatasaray - Chelsea - Montreal - Phoenix Rising
89%
5 A Espagne Raul 71 Real Madrid - Schalke 04 - Al Sadd - NY Cosmos
89%
12 A Ukraine AndriyShevchenko 48 Dynamo Kiev - Ac MIlan - Chelsea - Ac Milan - Dynamo Kiev
80%
15 A Portugal Eusebio 46 Sl Benfica
70%
7 A Pays - Bas RuudVan Nistelrooy 56 Den Bosch - Heerenven - PSV - Manchester United - Real Madrid - Hambourg - Malaga
70%
20 M/A Italie AlessandroDel Piero 42 Padova - Juventus - Sydney Fc - Delhi Dynamos
66%
16 A Italie FilippoInzaghi 46 Hellas Verona - Piacenza - Parma - Atalanta - Juventus - Ac Milan
57%
11 A Espagne Alfredo Di Stefano 49 Huracan - River Plate - Millionarios - Real Madrid - Rcd Espanyol
48%
Aucun quiz correspondant
Distribution des résultats
% des personnes avec chaque résultat
Percentile par nombre de réponses
Votre historique - résultats
Vous n’avez pas pris ce quiz